| 000 | 00567nam a2200217Ia 4500 | ||
|---|---|---|---|
| 005 | 20250326144530.0 | ||
| 008 | 250326s9999 xx 000 0 und d | ||
| 020 | _a0-7619-3588-9 | ||
| 037 | _aTextbook | ||
| 040 |
_aFMSL _beng _cFMSL |
||
| 041 |
_aeng _2eng |
||
| 084 |
_aX:51(Y31) P7 _qFMSL |
||
| 100 |
_aVelayudhan S K _9749838 |
||
| 245 | 0 |
_aRural marketing _cVelayudhan S K |
|
| 250 | _a2 | ||
| 260 |
_aNew Delhi _bNew Delhi, Response _c2007 |
||
| 300 | _a249p | ||
| 365 | _b295 | ||
| 942 |
_cTB _hX:51(Y31) P7 |
||
| 999 |
_c1304072 _d1304072 |
||